Súčasné efekty mediálnej sily

Metóda určovania správnej výšky rozpočtu na reklamu. Príklad. Metóda zostatku.

Guardado en:
Detalles Bibliográficos
Formato: Capítulo de libro
Lenguaje:eslovaco
Materias:
Etiquetas: Agregar Etiqueta
Sin Etiquetas, Sea el primero en etiquetar este registro!

MARC

LEADER 00000naa a2200000 4500
001 r025881
005 20251104123641.8
041 0 |a slo 
044 |a SK 
245 1 0 |a Súčasné efekty mediálnej sily 
520 |a Metóda určovania správnej výšky rozpočtu na reklamu. Príklad. Metóda zostatku. 
610 2 0 |a reklama 
610 2 0 |a rozpočet investičný 
610 2 0 |a výdavky